| 000 | 00459nam a2200193Ia 4500 | ||
|---|---|---|---|
| 008 | 210210b1932 xxu||||| |||| 00| 0 eng d | ||
| 041 | _aeng | ||
| 082 | _a538/27 | ||
| 100 | _aGRIMSEHL (E) | ||
| 245 | _aTextbook of physics:mechanics Vol I | ||
| 260 |
_aLondon _bBlackie & Son Ltd. _c1932 |
||
| 300 | _a432 | ||
| 650 | _aVol | ||
| 650 | _aTextbook | ||
| 650 | _aphysics:mechanics | ||
| 650 | _aI | ||
| 690 | _aMathematical Physics | ||
| 906 | _a008975 | ||
| 999 |
_c126899 _d126899 |
||